Nonlinear oscillations, dynamical systems, and bifurcations of vector fields /

Guardado en:
Autor Principal: Guckenheimer, John.
Otros Autores: Holmes, Philip, 1945-
Formato: Libro
Idioma:English
Publicado: New York : Springer-Verlag, 1986, c1983.
Edición:2nd print., rev. and corrected.
Series:Applied mathematical sciences (Springer-Verlag New York Inc.) ; v. 42.
Materias:
Etiquetas: Agregar Etiqueta
Sin Etiquetas, Sea el primero en etiquetar este registro!
LEADER 01174cam a2200313 a 4500
001 MAT.inmabb003287
008 821214t19861984nyua#####b####001#0#eng##
005 20150313174044.0
245 1 0 |a Nonlinear oscillations, dynamical systems, and bifurcations of vector fields /  |c John Guckenheimer, Philip Holmes. 
250 |a 2nd print., rev. and corrected. 
260 |a New York :  |b Springer-Verlag,  |c 1986, c1983. 
300 |a xvi, 459 p. :  |b il. ;  |c 25 cm. 
490 1 |a Applied mathematical sciences ;  |v v. 42 
504 |a Bibliografía: p. [437]-454. 
510 4 |a MR,  |c 85f:58002 
510 4 |a MR,  |c 93e:58046  |3 (de la ed. revisada) 
020 |a 0387908196 
100 1 |a Guckenheimer, John. 
700 1 |a Holmes, Philip,  |d 1945- 
830 0 |a Applied mathematical sciences (Springer-Verlag New York Inc.) ;  |v v. 42. 
650 0 |a Nonlinear oscillations. 
650 0 |a Differentiable dynamical systems. 
650 0 |a Bifurcation theory. 
650 0 |a Vector fields. 
084 |a 58Fxx (34C15 34C23 58-02 58F14 70Kxx)  |2 MR 
010 |a  82019641  
040 |a DLC  |c DLC  |d DLC 
859 |h 37  |i G921  |p A-6098  |b BIB. MATEMATICA 
859 |h 37  |i G921  |p A-6891  |t Ej. 2  |b BIB. MATEMATICA